| 000 | 00713nam a2200277 a 4500 | ||
|---|---|---|---|
| 003 | AR-BaBNM | ||
| 005 | 20251128203635.0 | ||
| 008 | 082120s2002 ||||||||||||||000 | spa|| | ||
| 040 | _cAR-BaBNM | ||
| 100 | 1 | _aCasona, Alejandro | |
| 245 | 0 | 0 |
_aRetablo jovial _bcinco farsas en un acto |
| 250 | _a1ª ed. | ||
| 260 |
_aBuenos Aires _bEl Ateneo _c1949 |
||
| 300 |
_a178 p. _bil. |
||
| 500 | _aContiene dedicatoria en p. 7 | ||
| 500 | _aNota preliminar en p. 9-14 | ||
| 650 | 4 | _aLITERATURA ESPAÑOLA | |
| 650 | 4 | _aTEATRO | |
| 650 | 4 | _aCOMEDIA | |
| 650 | 4 | _aLITERATURA CONTEMPORANEA | |
| 653 | _aFARSA | ||
| 655 | _aLITERATURA | ||
| 700 | 1 |
_aMuñoz, Gori _eilustrador |
|
| 942 | _cBK | ||
| 998 | _cisola | ||
| 999 |
_c4280 _d4280 |
||